000 00295nam a22001097a 4500
008 170112b xxu||||| |||| 00| 0 eng d
020 _a9780781744263
041 _aeng
080 _25TH
_a618.2
245 _aMEDICAL DICTIONARY FOR THE HEALTH PROFESSIONS AND NURSING
_cLIPPINCOT, W
942 _2udc
_cBK
999 _c2807
_d2807